00260nam a2200121Ia 45000030006000000080041000060400015000471000017000622450021000792600009001005460012001090050017001210STCL150530s9999 xx 000 0 und d aSTCLcSTCL aClarence Day aLife with father c1952 aEnglish20220125171411.0